Idioma
English
Deutsch
Español
Français
Italiano
日本語
Nederlands
Português
Português (Brasil)
中文(简体)
中文(繁體)
Türkçe
עברית
Gaeilge
Cymraeg
Ελληνικά
Català
Euskara
Русский
Čeština
Suomi
Svenska
polski
Dansk
slovenščina
اللغة العربية
বাংলা
Galego
Tiếng Việt
Hrvatski
हिंदी
Հայերէն
Українська
Tots els camps
Títol
Autor
Matèria
ISBN/ISSN
Etiqueta
Identificador
Trobar
Avançada
Vol. 62, № 518, part 2; Transa...
Citar
Enviar aquest missatge de text
Enviar per correu electrònic aquest
Imprimir
Exportar registre
Exportar a RefWorks
Exportar a EndNoteWeb
Exportar a EndNote
Enllaç permanent
Esportazione completata correttamente —
Vol. 62, № 518, part 2; Transactions of the Faraday Society
Dades bibliogràfiques
Parent link:
Transactions of the Faraday Society: journal/ The Faraday Society. Vol. 62, № 518, part 2.— , 1944-1946, 1949, 1956, 1962-1971.— 0868-457X
Idioma:
rus
Publicat:
1966
Format:
MixedMaterials
Llibre
KOHA link:
https://koha.lib.tpu.ru/cgi-bin/koha/opac-detail.pl?biblionumber=574038
Fons
Descripció
Ítems similars
Visualització del personal
MARC
LEADER
00000nam2a2200000 4500
001
574038
005
20231101125808.0
035
|a
(RuTPU)RU\TPU\prd\272649
035
|a
RU\TPU\prd\272646
090
|a
574038
100
|a
20170725c19441961k y0engy50 ca
101
0
|a
rus
|c
eng
102
|a
RU
200
0
|a
Vol. 62, № 518, part 2
210
|d
1966
461
1
|0
(RuTPU)RU\TPU\prd\285
|x
0868-457X
|x
0014-7672
|t
Transactions of the Faraday Society
|o
journal
|f
The Faraday Society
|v
Vol. 62, № 518, part 2
|d
1944-1946, 1949, 1956, 1962-1971
801
0
|a
RU
|b
63413507
|c
20010227
|g
PSBO
801
1
|a
RU
|b
63413507
|c
20020228
|g
PSBO
801
2
|a
RU
|b
63413507
|c
20170725
|g
PSBO
942
|c
BK
999
|a
НТБ_ТПУ
|b
НФ
|e
-14/20170109
|p
П-3760
|u
0,00
|v
1
|x
11049
Ítems similars
Vol. 62, № 528, part 12; Transactions of the Faraday Society
Publicat: (1966)
Vol. 62, № 522, part 6; Transactions of the Faraday Society
Publicat: (1966)
Vol. 62, № 523, part 7; Transactions of the Faraday Society
Publicat: (1966)
Vol. 62, № 524, part 8; Transactions of the Faraday Society
Publicat: (1966)
Vol. 62, № 525, part 9; Transactions of the Faraday Society
Publicat: (1966)